|
|
|
|
| LEADER |
00894nam a2200253 a 4500 |
| 001 |
000561478 |
| 003 |
CZ BrMZK |
| 005 |
20091119125708.0 |
| 008 |
000105s1904 xr f cze d |
| 015 |
|
|
|a cnb002370158
|z cnb000639914
|
| 040 |
|
|
|a BOA001
|b cze
|
| 100 |
1 |
|
|a Polo, Marco,
|d asi 1254-1324
|7 jn19990005385
|
| 245 |
1 |
0 |
|a Milion čili Cesty po Asii, po Africe a po moři Indickém popsané ve století 13. /
|c Marco Polo ; přel. Frant. Maleček
|
| 260 |
|
|
|a V Praze :
|b J. Otto,
|c 1904
|
| 300 |
|
|
|a 269, 7 s.
|
| 490 |
1 |
|
|a Světová knihovna
|
| 501 |
|
|
|a Přívazek k: První cesta kolem světa / James Cook
|
| 700 |
1 |
|
|a Maleček, František Alois,
|d 1859-1907
|7 jk01073200
|
| 830 |
|
0 |
|a Světová knihovna (J. Otto) ;
|0 s
|
| 910 |
|
|
|a BOA001
|b PK-I-0034.013, přív.
|
| 964 |
|
|
|a Svět - cestopisy
|
| 990 |
|
|
|a BK
|
| 993 |
|
|
|a Y
|
| 994 |
|
|
|a UP
|l MZK01
|b 000561476
|m přívazek
|n záznam 1. díla
|